000 00668nam a2200133Ia 4500
008 220615s9999||||xx |||||||||||||| ||und||
020 _a9782890000000
245 0 _aIntegrative Computational Systems Biology Approaches in Immunology and Medicine
546 _aEnglish[eng]
650 _amathematical modeling||multiscale modeling||systems biolgoy||immunology||infections
700 _aKaderali, Lars||Theis, Fabian||Hernandez-Vargas, Esteban A.||Ganusov, Vitaly V.||Ciupe, Stanca M.||Mehr, Ramit||Ribeiro, Ruy
856 _uhttps://www.frontiersin.org/research-topics/5427/integrative-computational-systems-biology-approaches-in-immunology-and-medicine
942 _cEB
999 _c11217
_d11217